Birds/ (Record no. 84758)

MARC details
000 -LEADER
fixed length control field 00860nam a22002297a 4500
005 - DATE AND TIME OF LATEST TRANSACTION
control field 20170816155436.0
010 ## - LCCN (DPL NO)
LC control number B-530186-190
020 ## - INTERNATIONAL STANDARD BOOK NUMBER
International Standard Book Number 9781848103009
Terms of availability 695.00
035 ## - SYSTEM CONTROL NUMBER
System control number B-530269-271
035 ## - SYSTEM CONTROL NUMBER
System control number B-665077
037 ## - SOURCE OF ACQUISITION
Stock number dpl
Source of stock number/acquisition Blueberry/Ven
082 ## - DEWEY DECIMAL CLASSIFICATION NUMBER
Classification number 598
100 ## - MAIN ENTRY--PERSONAL NAME
Personal name Taylor, Barbara
245 ## - TITLE STATEMENT
Title Birds/
Statement of responsibility, etc by Barbara Taylor & Jinny Johnson
260 ## - PUBLICATION, DISTRIBUTION, ETC. (IMPRINT)
Place of publication, distribution, etc U.K.
Name of publisher, distributor, etc Miles Kelly Pub
Date of publication, distribution, etc 2012
270 ## - ADDRESS
Address Harding's Barn, Bardfield End Green, Thaxted, Essex, CM6 3PX,
City UK
300 ## - PHYSICAL DESCRIPTION
Extent 384p.:
Other physical details col.ill
Dimensions 22cm(pbk)
700 ## - ADDED ENTRY--PERSONAL NAME
Personal name Johnson, Jinny
942 ## - ADDED ENTRY ELEMENTS (KOHA)
Source of classification or shelving scheme Dewey Decimal Classification
Item type Children Books
Classification part 598
Call number suffix TAY
Holdings
Withdrawn status Lost status Not for loan Collection code Home library Current library Date acquired Source of acquisition Cost, normal purchase price Full call number Barcode Copy number Cost, replacement price Koha item type
      Non-fiction Ashok Vihar Ashok Vihar 16/08/2017 BPPD/CN-EN/2013-14/AV/2016-17/369/15.02.2017/IN16121/ 27.02.2017/06.03.2017 695.00 598 TAY B-665077 1 695.00 Children Books
  Written-off vide DLB M. No. 383 dt 16.05.19   Non-fiction Central Library Central Library 02/06/2014 Blueberry/IN1972/19.03.2014/125/12.03.2014/20.03.2014 695.00 598 TAY B-530190 1 695.00 Children Books
      Non-fiction Mobile Library Mobile Library 02/06/2014 Blueberry/IN1972/19.03.2014/125/12.03.2014/20.03.2014 695.00 598 TAY B-530186 3 695.00 Children Books
      Non-fiction Mobile Library Mobile Library 02/06/2014 Blueberry/IN1972/19.03.2014/125/12.03.2014/20.03.2014 695.00 598 TAY B-530187 3 695.00 Children Books
      Non-fiction Mobile Library Mobile Library 02/06/2014 Blueberry/IN1972/19.03.2014/125/12.03.2014/20.03.2014 695.00 598 TAY B-530188 3 695.00 Children Books
      Non-fiction New Police Line New Police Line 02/06/2014 Blueberry/IN1972/19.03.2014/125/12.03.2014/20.03.2014 695.00 598 TAY B-530189 1 695.00 Children Books

© Delhi Public Library
Hit Counter
free hit counter